Bilecik Bilecik Bilecik Bilecik Bilecik

Erzincanlı son devir Osmanlı uleması/ (Record no. 61646)

MARC details
000 -BAŞLIK
Sabit Uzunluktaki Kontrol Alanı 01141nam a22003497a 4500
001 - KONTROL NUMARASI
Control Dosyası 0061849
003 - KONTROL NUMARASI KİMLİĞİ
Kontrol Alanı KOHA_MİRAKIL
005 - EN SON İŞLEM TARİHİ ve ZAMANI
Kontrol Alanı 20260207004353.0
007 - FİZİKSEL TANIM SABİT ALAN - GENEL BİLGİ
Sabit uzunluklu kontrol alanı ta
008 - SABİT UZUNLUKTAKİ VERİ ÖGELERİ - GENEL BİLGİ
Sabit Alan 180206b2017 tu |||gr||||#||||0|tur |
020 ## - ISBN - ULUSLARARASI STANDART KİTAP NUMARASI
Isbn 9786056788413
040 ## - KATALOGLAMA KAYNAĞI
Özgün Kataloglama Kurumu TR-BiSEU
Kataloglama Dili tur
Çeviri Kurumu TR-BiSEU
Açıklama Kuralları rda
041 0# - DİL KODU
Metin ya da ses kaydının dil kodu tur
044 ## - YAYINLAYAN/ÜRETEN KURULUŞUN ÜLKE KODU
ISO country code tu
050 ## - SINIFLAMA ve YER NUMARASI
Sınıflama Numarası BP185
Yer Numarası .K39 2017
100 1# - KİŞİ ADI
Yazar Adı (Kişi adı) Kaya, Erol.
245 1# - ESER ADI BİLDİRİMİ
Başlık Erzincanlı son devir Osmanlı uleması/
Sorumluluk Bildirimi Erol Kaya ; Erol Kaya.
264 #1 - ÜRERİM, YAYIN, DAĞITIM ve TELİF BİLDİRİMİ
Yayın yeri Erzincan :
Yayınlayan Erzincan Üniversitesi
Yayın tarihi 2017
300 ## - FİZİKSEL TANIMLAMA
Sayfa, Cilt vb. 264 sayfa: tablo; 25 cm.
336 ## - İÇERİK TÜRÜ
Content type term metin
Content type code txt
Source rdacontent
337 ## - MEDYA TÜRÜ
Media type term aracısız
Media type code n
Source rdamedia
338 ## - TAŞIYICI TÜRÜ
Carrier type term cilt
Carrier type code nc
Source rdacarrier
490 1# - DİZİ BİLDİRİMİ
Dizi Bildirimi Erzincan Üniversitesi Yayınlkarı No ;
Cilt Numarası 003.
490 1# - DİZİ BİLDİRİMİ
Dizi Bildirimi Eğitim Fakültsi Yayınları No ;
Cilt Numarası 001.
490 1# - DİZİ BİLDİRİMİ
Dizi Bildirimi Araştırma Yayınları No ;
Cilt Numarası 003.
500 ## - GENEL NOT
Genel Not Dizin var.
650 #0 - KONU BAŞLIĞI EK GİRİŞ - KONU TERİMİ
Konusal terim veya coğrafi ad Ulama--History--Turkey.
9 (RLIN) 114811
830 1# - SERİ EK GİRİŞİ - TEKBİÇİM ESER ADI
Tekbiçim Başlık Erzincan Üniversitesi Yayınlkarı No ;
Volume number/sequential designation 003.
9 (RLIN) 114812
830 1# - SERİ EK GİRİŞİ - TEKBİÇİM ESER ADI
Tekbiçim Başlık Eğitim Fakültsi Yayınları No ;
Volume number/sequential designation 001.
9 (RLIN) 114813
830 1# - SERİ EK GİRİŞİ - TEKBİÇİM ESER ADI
Tekbiçim Başlık Araştırma Yayınları No ;
Volume number/sequential designation 003.
9 (RLIN) 114805
942 ## - EK GİRİŞ ÖGELERİ (KOHA)
Source of classification or shelving scheme Library of Congress Classification
Koha item type Book
Holdings
Materyal Türü Kalıcı Konum Mevcut Konum Raf Yeri Sınıflandırma Kaynağı Edinim Bilgisi Ana Konular Alt Konular Yer Numarası Demirbaş Numarası Fatura Tarihi Geri Çekilme Durumu Kayıp Durumu Hasarlı Durumu Kredi için değil Kayıt Tarih Toplam Ödünçverme Son Görülme Tarihi Son Kontrol Tarihi Genel / Bağış Notu
Book Prof. Dr. Azmi Özcan Kütüphanesi Prof. Dr. Azmi Özcan Kütüphanesi Uluğbey Salonu Library of Congress Classification Bağış FELSEFE, PSİKOLOJİ, DİN İslam, Bahailik, Teozofi vb. BP185 .K39 2017 0061849 02/02/2026         06/02/2018   05/12/2024 05/12/2024 Genel Bağış